01686cam a2200385 a 45000010005000000030006000050050017000110080041000280100017000690200027000860200018001130350023001310400023001540420014001770500024001910820016002151000019002312450079002502600035003293000056003645050007004205200103004275210022005305210018005526500038005706500038006087000035006469060045006819420015007269990015007419520136007569520136008929520137010289520135011652034FISKH20250828104447.0040414s2003 nyua 000 0 eng d a 2004298760 a0312491778 (hardcover) a9780439846318 a(OCoLC)ocm54089662 aEHIcEHIdDLCbeng alccopycat00aHF5381.2b.P75 200304a331.7022211 aPriddy, Roger.10aABC of jobs people do /cRoger Priddy ; with photography by Richard Brown. aNew York :bScholastic,c2003. a32 unnumbered pages :bcolor illustrations ;c28 cm aP  aDescribes occupations beginning with each letter of the alphabet from airline pilot to zoo keeper.8 a650 bLexile IG 8 aP bRaz-Plus  0aOccupationsxJuvenile literature. 0aProfessionsxJuvenile literature.1 aBrown, Richard.ePhotographer  a7bcbcccopycatd2encipf20gy-gencatlg 2ddccBKn0 c2034d2034 00102ddc40708NFICa001b001cTK Oranged2023-11-01l0oPRI 331.702 HF5381.2pFISBK06046r2023-11-01 12:09:10t1w2023-11-01yBK 00102ddc40708NFICa001b001cTK Oranged2023-11-01l0oPRI 331.702 HF5381.2pFISBK06028r2023-11-01 12:09:46t2w2023-11-01yBK 00102ddc40708NFICa002b002cTTP Oranged2025-08-28l0oPRI 331.702 HF5381.2pFISTK00136r2025-08-28 10:44:44t3w2025-08-28yBK 00102ddc40708NFICa002b002cTTP Oranged2025-09-11l0oPRI 331.702 HF5381.2pFISO5296r2025-09-11 10:13:28t4w2025-09-11yBK